000 01017nam a2200265Ia 4500
003 OSt
005 20220923211603.0
006 a|||||r|||| 00| 0
007 ta
008 220922b |||||||| |||| 00| 0 hin d
020 _a9789387462953 (hbk)
_c299
024 _a348,621
037 _bBR/7270, 19/02/2019, Rajkamal Prakashan Pvt. Ltd
_cTextual
040 _aARTS
_cARTS
_bhin
041 _2hin
_ahin
082 _aNW44v, 152Q8
100 _aब्रह्मात्मज, अजय, ले.
_9158933
245 0 _aअमहमजंजम़
_b सिनेमा का सफ़र
246 _aAhinamajanjama़: sinemā kā saफ़ra
260 _aनई दिल्ली
_b राजकमल प्रकाशन
_c2018
300 _a141पृ.
_ccm.
650 _aभारतीय सिनेमा
942 _hNW44v, 152Q8
_cTEXL
_2CC
999 _c301089
_d301089